FAO Quarterly Bulletin of Statistics

Saved in:
Bibliographic Details
Format: Serial
Language:English
Published: Rome Food and Agricultural Organization 1988
Tags: Add Tag
No Tags, Be the first to tag this record!

MARC

LEADER 00000nas2a2200000 4500
001 s036632
005 20250730114147.7
041 0 |a eng 
044 |a IT 
245 1 0 |a FAO Quarterly Bulletin of Statistics 
264 1 |a Rome  |b Food and Agricultural Organization  |c 1988 
300 |a 1 zv. 
773 0 |w eu_un_cat*s120687